<?xml version="1.0" encoding="UTF-8"?>
<marc:record xmlns:marc="http://www.loc.gov/MARC21/slim">
   <marc:leader>00000nam a2200000 a 4500</marc:leader>
   <marc:datafield ind1="0" ind2="0" tag="245">
      <marc:subfield code="a">Garten + Haus - Ausgabe 07-08/2026. - 07-08/2026</marc:subfield>
   </marc:datafield>
   <marc:datafield ind1=" " ind2="1" tag="264">
      <marc:subfield code="c">2026</marc:subfield>
   </marc:datafield>
   <marc:datafield ind1="1" ind2=" " tag="490">
      <marc:subfield code="a">Garten + Haus</marc:subfield>
   </marc:datafield>
   <marc:datafield ind1="1" ind2=" " tag="520">
      <marc:subfield code="a">Süße Schätze aus dem Garten
- Kakis, Feigen und Kiwis gedeihen bereits bei uns
- Obst raffiniert mit Gewürzen und Blüten einkochen
- Warum Indianerbananen bedenklich sein können
Lange Blütezeit: Marathonblüher im Staudenbeet
Gemüse, Kräuter, Gewürze: Asiatische Genüsse aus eigener Ernte
Solarpaneele im Garten integrieren
Bitte erschlagt mich nicht! - Oh Schreck, eine Schabe! Harmlose Bernstein-Waldschabe</marc:subfield>
   </marc:datafield>
</marc:record>
